Southville International School and Colleges
Your cart is empty.
  • Cart
  • Lists
    Public lists list_1 View all
    Your lists Log in to create your own lists
  • Log in to your account
  • Your cookies
  • Search history
Southville International School and Colleges
  • Advanced search
  • Recent comments
  • Most popular
  • Libraries

Log in to your account

Log in with GOOGLE


If you do not have an external account, but do have a local account, you can still log in:

  1. Home
  2. MARC view: Snake hair :
Normal view MARC view ISBD view

Snake hair : (Record no. 104323)

[ view plain ]
MARC details
000 -LEADER
fixed length control field 00873nam a2200229 a 4500
005 - DATE AND TIME OF LATEST TRANSACTION
control field 20140412111319.0
008 - FIXED-LENGTH DATA ELEMENTS--GENERAL INFORMATION
fixed length control field 000822s19uu xx 00 eng d
020 ## - INTERNATIONAL STANDARD BOOK NUMBER
International Standard Book Number 0-448-41981-5
050 ## - LIBRARY OF CONGRESS CALL NUMBER
Classification number M 398.2
Item number S757 1999
100 ## - MAIN ENTRY--PERSONAL NAME
Personal name Spinner, Stephanie
245 ## - TITLE STATEMENT
Title Snake hair :
Remainder of title the story of Medusa /
Statement of responsibility, etc by Stephanie Spinner ; illustrated by Susan Swan.
260 ## - PUBLICATION, DISTRIBUTION, ETC. (IMPRINT)
Place of publication, distribution, etc New York :
Name of publisher, distributor, etc Grosset & Dunlap,
Date of publication, distribution, etc 1999.
300 ## - PHYSICAL DESCRIPTION
Extent 1 v. (unp.) ; ill.
440 ## - SERIES STATEMENT/ADDED ENTRY--TITLE
Title All Aboard Reading - Level 2 (Grades 1-3)
520 ## - SUMMARY, ETC.
Summary, etc Recounts how the Greek hero Perseus vanquished the serpent-haired Medusa whose gaze turned people to stone.
650 ## - SUBJECT ADDED ENTRY--TOPICAL TERM
Topical term or geographic name as entry element Medusa (Greek mythology)-Juvenile literature
650 ## - SUBJECT ADDED ENTRY--TOPICAL TERM
Topical term or geographic name as entry element Perseus (Greek mythology)-Juvenile literature
650 ## - SUBJECT ADDED ENTRY--TOPICAL TERM
Topical term or geographic name as entry element Medusa (Greek mythology)
650 ## - SUBJECT ADDED ENTRY--TOPICAL TERM
Topical term or geographic name as entry element Perseus (Greek mythology)
650 ## - SUBJECT ADDED ENTRY--TOPICAL TERM
Topical term or geographic name as entry element Mythology, Greek
Holdings
Withdrawn status Lost status Damaged status Use restrictions Home library Current library Shelving location Date acquired Source of acquisition Total Checkouts Full call number Barcode Date last seen Price effective from Koha item type
        Elizalde Library Elizalde Library Main Section 08/22/2000     M 398.2 S757 1999 E7358 04/12/2014 04/12/2014 Books

Snake hair :

APA

Spinner S., . (1999). Snake hair. New York: Grosset & Dunlap.

Chicago

Spinner Stephanie, . 1999. Snake hair. New York: Grosset & Dunlap.

Harvard

Spinner S., . (1999). Snake hair. New York: Grosset & Dunlap.

MLA

Spinner Stephanie, . Snake hair. New York: Grosset & Dunlap. 1999.

  • Place hold
  • Print
  • Cite
  • Add to your cart (remove)
  • Save record
    BIBTEX Dublin Core MARCXML MARC (non-Unicode/MARC-8) MARC (Unicode/UTF-8) MARC (Unicode/UTF-8, Standard) MODS (XML) RIS
  • More searches
    Search for this title in:
    Other Libraries (WorldCat) Other Databases (Google Scholar) Online Stores (Bookfinder.com) Open Library (openlibrary.org)

Exporting to Dublin Core...

SOUTHVILLE LIBRARY

Southville International School and Colleges Library

1281 Tropical Ave. Cor. Luxembourg St., BF Homes International, Las Pinas City

Tel. No. 8256374 / 252358 Loc. 117/146

Powered by Koha